Predpoklady úspešnosti vedúceho v práci s ľudmi záverečná práca postgraduálneho štúdia

Na minha lista:
Detalhes bibliográficos
Autor principal: Nemec, František
Autor Corporativo: Vysoká škola ekonomická v Bratislave
Outros Autores: Tichý, Imrich
Formato: Livro
Idioma:eslovaco
Publicado em: Bratislava 1985
Tags: Adicionar Tag
Sem tags, seja o primeiro a adicionar uma tag!

MARC

LEADER 00000nam a2200000 4500
001 c039315
005 20221220080045.7
041 0 |a slo 
044 |a SK 
245 1 0 |a Predpoklady úspešnosti vedúceho v práci s ľudmi  |b záverečná práca postgraduálneho štúdia  |c František Nemec ; Ved. práce Imrich Tichý 
264 1 |a Bratislava  |c 1985 
300 |a 46 s. 
100 1 |a Nemec, František 
700 1 |a Tichý, Imrich 
710 2 |a Vysoká škola ekonomická v Bratislave